000 01040nam a2200277 a 4500
001 000011799
003 DO-SdBNP
005 20250318140606.0
008 091027s1991 mx 000 0 spa d
020 _a9681321995
040 _aDO-SdBNP
_bspa
_cBNPHU
041 1 7 _aspa
_heng
_2Código de idioma MARC
049 _aBNGR
082 _a923.945
_bM861c, 1991
100 1 _aMorison, Samuel Eliot,
_d1887-1976
_94889
240 1 0 _aChristopher columbus, mariner,
_lespañol.
245 1 0 _aCristóbal colón, marino /
_cSamuel Eliot Morison ; traducción, Haroldo Dies.
250 _a2a ed.
260 _aMéxico :
_bDiana,
_c1991.
300 _a238 p. :
_bil., mapas ;
_c21 cm.
534 _pTítulo original en inglés:
_tChristopher columbus, mariner
_cLittle, Brown and Company, 1955.
600 1 0 _aCOLÓN, CRISTÓBAL,
_d1451-1506
_xCRÍTICA E INTERPRETACIÓN
_927932
651 0 _aAmérica --
_xDescubrimiento y exploración --
_xEspañoles
_vEnsayo, conferencias, etc.
_9544
700 1 _aDies, Haroldo,
_etr.
_927934
942 _2ddc
_cLBS1
999 _c11473
_d11473